1641 1770 1116 1859 1759 1104 1108 1269 1763 1364 1339 1106 1223 1461 1703 1449 1857 1801 1598 1465 1396 1968 1017 1487 1849 1443 1013 1481 1416 1321 1259 1461 1990 1090 1922 1945 1124 1823 1148 1922 1160 1185 1915 1411 1609 1448 1502 1985 1172 1079 1630 1412 1936 1895 1545 1081 1181 1880 1934 1426 1022 1411 1785 1016 1471 1050 1119 1855 1697 1138 1566 1948 1487 1844 1117 1964 1144 1665 1771 1886 1777 1342 1398 1951 1947 1337 1309 1260 1111 1218 1373 1368 1556 1446 1715 1568 1267 1388 1107 BCNSPRNW ULIB Ver.6.0+V

เปลี่ยนเป็นภาษาไทย

Change to English
 แสดงรายละเอียดบรรณานุกรม
  กลับหน้าหลัก

Brief Record : Get Marc (ISO 2709) : E-mail record : QR code < ปิดหน้าต่าง
LEADER : 00000nam 2200000uu 4500
001    13399120315
003     ULIB
008    120918s2550||||th 000 0 tha d
020    ^a9789746722544
040    ^abra
060 04 ^aWB115^bบ677อ
245 00 ^aอายุรศาสตร์ประยุกต์^nเล่ม 5 /^cบุษยามาส ชีวสกุลยง ...[และคนอื่นๆ]
250    ^aพิมพ์ครั้งที่ 1
260    ^aเชียงใหม่ :^bภาควิชาอายุรศาสตร์ คณะแพทยศาสตร์มหาวิทยาลัยเชียงใหม่,^c2550
300    ^a251 หน้า :^bภาพประกอบ ;^c21 ซม.
500    ^aประชุมวิชาการอายุรศาสตร์เชียงใหม่ 2550 Practical points ininternal medicine
650  7 ^aอายุรศาสตร์
650  7 ^aอายุรศาสตร์^vรวมเรื่อง
650  7 ^aอายุรศาสตร์^vการประชุม
650  7 ^aการรักษาโรค^vการประชุม
650  7 ^aการวินิจฉัยโรค^vการประชุม
700 0  ^aบุษยามาส ชีวสกุลยง
710 2  ^aมหาวิทยาลัยเชียงใหม่ . ^bคณะแพทยศาสตร์.^bภาควิชาอายุรศาสตร์
711 2  ^aประชุมวิชาการอายุรศาสตร์เชียงใหม่^n(ครั้งที่ 8 :^d2550 :^cคณะแพทยศาสตร์ มหาวิทยาลัยเชียงใหม่)
999    ^aทศพร
รายการนี้ยังไม่มีแท็ก
คุณยังไม่ได้ล็อกอิน คุณสามารถมีกิจกรรมร่วมกับเว็บไซต์ได้ แต่ต้องล็อกอินก่อน ::
  ล็อกอิน

รายการสื่อสารสนเทศ

ลำดับที่ ประเภท เลขเรียก/บาร์โค้ด สถานที่ สถานะ
- ไม่พบข้อมูล -

รายการใกล้เคียง
    หัวเรื่อง [อายุรศาสตร์]

BibComment


ยังไม่เคยถูกคอมเมนท์

คอมเมนท์ทรัพยากรรายการนี้
  คอมเมนท์: อายุรศาสตร์ประยุ..


 Copyright 2026. Bcnsprnw @Library